000 00790nam a2200229 a 4500
005 20240919063900.0
008 991125s1977 mx 000 0 spa u
035 _aUPN01000002426
049 _aCG
050 4 _aHC133
_bA43
245 0 0 _aAmérica Latina /
_cVíctor Volskí ... [et al.].
260 _aMoscú :
_bProgreso,
_c1977.
300 _a223 p. :
_bil.
440 0 _aAmérica Latina ;
_v3
500 _a"Número especial dedicado a México"
651 4 _aMEXICO -
_xCONDICIONES ECONOMICAS -
_vDISCURSOS, ENSAYOS, CONFERENCIAS, ETC.
651 4 _aMEXICO -
_xCONDICIONES SOCIALES -
_vDISCURSOS, ENSAYOS, CONFERENCIAS, ETC.
651 4 _aMéxico
_xHistoria
_94558
651 4 _aMéxico
_xPolítica y gobierno
_94512
700 1 _aVolskí, Victor,
_d1921-
_ecoaut.
_941560
905 _aLibro
999 _c2426
_d2426